000 01430nam a22002177a 4500
999 _c358063
_d358063
003 IT-MiSPE
005 20181114165830.0
008 181114b ||||| |||| 00| 0 eng d
020 _a3518390724
_c24.80 DEM
040 _aIT-MiSPE
_bita
_cIT-MiSPE
_dIT-MiSPE
082 _a833-HES he gl (23206)
100 _aHesse, Hermann,
_cPremio Nobel (1946).
_d1877-1962.
_eautore
_957502
240 _aDas Glasperlenspiel / Versuch einer Lebensbeschreibung des Magister Ludi Josepf Knecht samt Knechts hinterlassenen Schriften
_lger
245 _aDas Glasperlenspiel /
_bVersuch einer Lebensbeschreibung des Magister Ludi Josepf Knecht samt Knechts hinterlassenen Schriften
260 _aFrankfurt am Main :
_bSuhrkamp.
_c1996.
300 _a608 p. ;
_c19 cm
490 _aSuhrkamp Taschenbuch
520 _aIl romanzo tratta di un ordine composto di soli intellettuali e collocato nella immaginaria regione di "Castalia", in un futuro remoto. La voce narrante del romanzo è uno storico dell'epoca. Nella narrazione compaiono solo riferimenti vaghi al mondo di oggi, in genere rappresentato come un passato intellettualmente oscuro e decadente (l'Era del feuilleton). La vita dei monaci del romanzo, e i cerimoniali che osservano, è caratterizzata da una commistione di elementi della ritualità occidentale e orientale.
655 _aLingua e letteratura tedesca
_xVari altri autori: opere originali e studi
_957384
942 _2ddc
_cBK